[Event "Women's Speed Chess Q1"]
[Site "chess.com INT"]
[Date "2021.05.28"]
[Round "3"]
[White "Hoshino, Meilin"]
[Black "Gevorgyan, Maria"]
[Result "0-1"]
[WhiteTitle "WCM"]
[BlackTitle "WGM"]
[WhiteElo "1591"]
[BlackElo "2219"]
[WhiteFideId "7001690"]
[BlackFideId "13300270"]
[EventDate "2021.05.28"]

1. d4 Nf6 2. c4 c5 3. d5 e6 4. Nc3 exd5 5. cxd5 d6 6. e4 g6 7. h3 Bg7 8. Nf3 O-O
9. Bd3 a6 10. a4 Re8 11. O-O c4 12. Bc2 Nbd7 13. Qe2 Qc7 14. Nd2 Ne5 15. f4 Qc5+
16. Kh1 Nd3 17. Bxd3 cxd3 18. Qxd3 Bd7 19. Nc4 b5 20. axb5 axb5 21. Rxa8 Rxa8
22. Nd2 b4 23. Nb3 Qb6 24. Be3 Qb7 25. Ne2 Bb5 26. Qd2 Nxe4 27. Qxb4 Ra4 28. Qe1
Bxe2 29. Qxe2 Ng3+ 30. Kh2 Nxe2 31. Nc1 Qxb2 32. Rf2 Re4 33. Rxe2 Qb1 34. Re1
Rxe3 35. Rxe3 Qxc1 36. Re8+ Bf8 37. Rd8 Qxf4+ 38. Kg1 Qd4+ 39. Kh1 Qxd5 40. Kh2
Qe5+ 41. Kg1 d5 42. Kh1 Kg7 0-1

[Event "Women's Speed Chess Q1"]
[Site "chess.com INT"]
[Date "2021.05.28"]
[Round "3"]
[White "Grigoryan, Meri"]
[Black "Kabanova, Ekaterina"]
[Result "0-1"]
[WhiteTitle "WFM"]
[BlackTitle "WFM"]
[WhiteElo "2044"]
[BlackElo "2138"]
[WhiteFideId "13300571"]
[BlackFideId "24112917"]
[EventDate "2021.05.28"]

1. d4 c5 2. e3 e6 3. Nf3 a6 4. c3 Qc7 5. Bd3 Nf6 6. Nbd2 b5 7. Ne4 Bb7 8. Nxf6+
gxf6 9. Qe2 Rg8 10. Nh4 f5 11. e4 Be7 12. g3 cxd4 13. cxd4 Nc6 14. Bf4 Qa5+ 15.
Bd2 Qb6 16. d5 Ne5 17. exf5 Qd4 18. Be4 exd5 19. Bc3 Qxe4 20. Qxe4 dxe4 21. Bxe5
Bxh4 22. gxh4 Rc8 23. Bc3 Rg4 24. h5 Rf4 25. Rg1 Ke7 26. f6+ Ke6 27. Ke2 b4 28.
Bd4 Rc2+ 29. Ke3 Rf3# 0-1

[Event "Women's Speed Chess Q1"]
[Site "chess.com INT"]
[Date "2021.05.28"]
[Round "3"]
[White "Antova, Gabriela"]
[Black "Kulkarni, Bhakti"]
[Result "0-1"]
[WhiteTitle "FM"]
[BlackTitle "IM"]
[WhiteElo "2250"]
[BlackElo "2391"]
[WhiteFideId "2915235"]
[BlackFideId "5019516"]
[EventDate "2021.05.28"]

1. e4 d5 2. exd5 Nf6 3. d4 Nxd5 4. c4 Nb6 5. Nc3 Nc6 6. Be3 Bf5 7. Nf3 e6 8. Be2
Bb4 9. O-O O-O 10. Rc1 h6 11. a3 Bxc3 12. Rxc3 Qf6 13. b4 Rfd8 14. b5 Ne7 15.
Rc1 c5 16. bxc6 Nxc6 17. Qb3 Rd7 18. d5 exd5 19. Bxb6 dxc4 20. Rxc4 axb6 21. Rf4
Be6 22. Qe3 Qb2 23. a4 Re8 24. Re4 Rde7 25. Bb5 Bc4 26. Rxe7 Rxe7 27. Qc1 Qxc1
28. Rxc1 Bd5 29. Nd2 Nd4 30. f3 Bc6 31. Bxc6 Ne2+ 32. Kf2 Nxc1 33. Be4 Na2 0-1

[Event "Women's Speed Chess Q1"]
[Site "chess.com INT"]
[Date "2021.05.28"]
[Round "3"]
[White "Nurmanova, Alua"]
[Black "Cori T., Deysi"]
[Result "1-0"]
[WhiteTitle "WFM"]
[BlackTitle "WGM"]
[WhiteElo "2008"]
[BlackElo "2388"]
[WhiteFideId "13729390"]
[BlackFideId "3801934"]
[EventDate "2021.05.28"]

1. e4 e6 2. d4 d5 3. Nc3 Nf6 4. e5 Nfd7 5. f4 c5 6. Nf3 Nc6 7. Be3 Be7 8. Qd2
Qc7 9. dxc5 Nxc5 10. Nd4 a6 11. Qf2 Nxd4 12. Bxd4 b5 13. Bd3 b4 14. Ne2 Nxd3+
15. cxd3 Qc2 16. Qg3 g5 17. fxg5 Rg8 18. h4 h6 19. Rc1 Qa4 20. gxh6 Rxg3 21. h7
Rxg2 22. h8=Q+ Kd7 23. Bb6 1-0

[Event "Women's Speed Chess Q1"]
[Site "chess.com INT"]
[Date "2021.05.28"]
[Round "3"]
[White "Klinova, Masha"]
[Black "Vantika, Agrawal"]
[Result "0-1"]
[WhiteTitle "IM"]
[BlackTitle "WIM"]
[WhiteElo "2275"]
[BlackElo "2286"]
[WhiteFideId "2802015"]
[BlackFideId "25050389"]
[EventDate "2021.05.28"]

1. e4 c5 2. Nf3 d6 3. Bb5+ Nd7 4. O-O a6 5. Bxd7+ Bxd7 6. d4 cxd4 7. Qxd4 e5 8.
Qd3 h6 9. a4 Nf6 10. c4 Be7 11. Nc3 O-O 12. b3 Be6 13. Ba3 Qb6 14. Nd2 Rac8 15.
Rfd1 Bg4 16. Re1 Rfd8 17. h3 Be6 18. Red1 Bf8 19. Rab1 g6 20. Nf1 h5 21. Ne3 d5
22. Ncxd5 Bxd5 23. c5 Bxe4 24. Qxe4 Nxe4 25. cxb6 Bxa3 26. Nc4 Bc5 27. Rb2 Rxd1+ 0-1

[Event "Women's Speed Chess Q1"]
[Site "chess.com INT"]
[Date "2021.05.28"]
[Round "3"]
[White "Pujari, Rucha"]
[Black "Chaves, Joara"]
[Result "1-0"]
[WhiteTitle "WIM"]
[BlackTitle "WIM"]
[WhiteElo "2244"]
[BlackElo "1901"]
[WhiteFideId "5024528"]
[BlackFideId "2100622"]
[EventDate "2021.05.28"]

1. d4 Nf6 2. c4 g6 3. Nf3 Bg7 4. g3 O-O 5. Bg2 d6 6. O-O Nc6 7. Nc3 a6 8. e4 e5
9. d5 Ne7 10. Nh4 Nd7 11. f4 f5 12. exf5 Nxf5 13. Nxf5 gxf5 14. fxe5 dxe5 15.
Be3 Nf6 16. Bc5 Re8 17. Bh3 f4 18. Bxc8 Qxc8 19. gxf4 e4 20. f5 Re5 21. Bd4 Rxf5
22. Bxf6 Rxf6 23. Rxf6 Bxf6 24. Nxe4 Bg7 25. Qf3 Qd7 26. Rf1 Rf8 27. Qxf8+ Bxf8
28. Nf6+ Kg7 29. Nxd7 Bd6 30. c5 1-0

[Event "Women's Speed Chess Q1"]
[Site "chess.com INT"]
[Date "2021.05.28"]
[Round "3"]
[White "Buksa, Nataliya"]
[Black "Sukandar, Irine Kharisma"]
[Result "0-1"]
[WhiteTitle "IM"]
[BlackTitle "IM"]
[WhiteElo "2414"]
[BlackElo "2413"]
[WhiteFideId "14123622"]
[BlackFideId "7101937"]
[EventDate "2021.05.28"]

1. e4 e5 2. Nf3 d6 3. Bc4 Be7 4. d4 exd4 5. Nxd4 Nf6 6. Nc3 O-O 7. O-O c5 8. Nf3
a6 9. a4 Nc6 10. h3 Be6 11. Bxe6 fxe6 12. Qd3 h6 13. e5 dxe5 14. Qc4 Nd5 15. Re1
Rxf3 16. gxf3 Nd4 17. Qd3 Nb4 18. Qg6 Nxf3+ 19. Kf1 Nxe1 20. Bxh6 Bf6 21. Rxe1
Qe8 22. Qg3 Qh5 23. Bd2 Nxc2 24. Ne4 Bh4 25. Qc3 Nxe1 26. Kxe1 Rf8 27. Qxc5 Qf5
28. Qe3 Rd8 29. Ke2 Rd4 30. f3 Qxh3 31. Qb3 Rxe4+ 32. Be3 Rxe3+ 33. Kxe3 Bg5+
34. Kf2 Qh2+ 35. Kf1 Qh3+ 36. Kf2 e4 37. Qxb7 Qxf3+ 38. Ke1 Bh4+ 39. Kd2 e3+ 0-1

[Event "Women's Speed Chess Q1"]
[Site "chess.com INT"]
[Date "2021.05.28"]
[Round "3"]
[White "Thipsay, Bagyashree Sathe"]
[Black "Ribeiro, Regina"]
[Result "1-0"]
[WhiteTitle "WIM"]
[BlackTitle "WIM"]
[WhiteElo "2072"]
[BlackElo "1920"]
[WhiteFideId "5001013"]
[BlackFideId "2100681"]
[EventDate "2021.05.28"]

1. e4 c6 2. d4 d5 3. e5 Bf5 4. h4 h5 5. Bd3 Bxd3 6. Qxd3 e6 7. Bg5 Qb6 8. Nd2 c5
9. c4 Nc6 10. Ngf3 cxd4 11. cxd5 Nb4 12. Qb3 d3 13. O-O Nxd5 14. Qxd3 Nh6 15.
Nc4 Qa6 16. Qe4 Nf5 17. Rfd1 Be7 18. Bxe7 Ndxe7 19. Nd6+ Nxd6 20. exd6 Nf5 21.
d7+ Kd8 22. Ne5 Rf8 23. Qb4 Ne7 24. Rac1 f6 25. Rd6 b6 26. Rxe6 Qxa2 27. Qxe7# 1-0

[Event "Women's Speed Chess Q1"]
[Site "chess.com INT"]
[Date "2021.05.28"]
[Round "3"]
[White "Pandey, Srishti"]
[Black "Chu, Ruotong"]
[Result "1-0"]
[WhiteTitle "WFM"]
[BlackTitle "WIM"]
[WhiteElo "2026"]
[BlackElo "2207"]
[WhiteFideId "35093290"]
[BlackFideId "8605653"]
[EventDate "2021.05.28"]

1. d4 d5 2. c4 dxc4 3. Nf3 Nf6 4. e3 e6 5. Bxc4 a6 6. a4 c5 7. O-O Nc6 8. Nc3
Be7 9. Re1 O-O 10. b3 h6 11. Bb2 Na5 12. Bd3 Qb6 13. Bc2 c4 14. Nd2 cxb3 15.
Bxb3 Nxb3 16. Qxb3 Qxb3 17. Nxb3 b6 18. Rec1 Bd7 19. Nd2 b5 20. axb5 axb5 21.
Nce4 Rxa1 22. Nxf6+ gxf6 23. Rxa1 Bc6 24. Kf1 f5 25. f3 b4 26. Kf2 Bd5 27. e4
fxe4 28. fxe4 Bc6 29. Ra5 Rc8 30. d5 exd5 31. exd5 Bd7 32. Bd4 Rc2 33. Ke1 b3
34. Ra8+ Kh7 35. Nxb3 Bg4 36. h3 Bh5 37. g4 Bg6 38. Rh8# 1-0

[Event "Women's Speed Chess Q1"]
[Site "chess.com INT"]
[Date "2021.05.28"]
[Round "3"]
[White "Bulmaga, Irina"]
[Black "Nguyen, Thi Thanh An"]
[Result "1-0"]
[WhiteTitle "IM"]
[BlackTitle "WGM"]
[WhiteElo "2440"]
[BlackElo "2259"]
[WhiteFideId "13903063"]
[BlackFideId "12400300"]
[EventDate "2021.05.28"]

1. e4 c5 2. Nf3 d6 3. d4 cxd4 4. Nxd4 Nf6 5. Nc3 a6 6. h3 Nc6 7. g4 Qb6 8. Nb3
e6 9. Be3 Qc7 10. g5 Nd7 11. f4 g6 12. Qd2 b5 13. a3 Bb7 14. O-O-O b4 15. axb4
Rc8 16. b5 Nb4 17. Bg2 axb5 18. Kb1 Ba6 19. Qd4 Nxc2 20. Kxc2 e5 21. fxe5 dxe5
22. Qxd7+ Qxd7 23. Rxd7 Kxd7 24. Kb1 b4 25. Rd1+ Ke8 26. Nd5 Be7 27. Nxe7 Kxe7
28. Bc5+ Ke8 29. Bd6 Be2 30. Rd2 Bc4 31. Bxe5 Rg8 32. Na5 Be6 33. b3 f6 34. Bxf6 1-0

[Event "Women's Speed Chess Q1"]
[Site "chess.com INT"]
[Date "2021.05.28"]
[Round "3"]
[White "Osmak, Iulija"]
[Black "Zaksaite, Salomeja"]
[Result "1-0"]
[WhiteTitle "IM"]
[BlackTitle "WIM"]
[WhiteElo "2425"]
[BlackElo "2202"]
[WhiteFideId "14101602"]
[BlackFideId "12801496"]
[EventDate "2021.05.28"]

1. e4 c5 2. b3 Nc6 3. Bb2 Nf6 4. e5 Nd5 5. g3 d6 6. exd6 e6 7. Bg2 Qxd6 8. Ne2
Bd7 9. Na3 a6 10. Nc4 Qc7 11. a4 O-O-O 12. a5 Kb8 13. O-O f6 14. Nc3 Nxc3 15.
Bxc3 e5 16. Nb6 Be6 17. Qe2 Nd4 18. Bxd4 cxd4 19. Rfc1 Bc5 20. c3 d3 21. Qe4 f5
22. Qe1 e4 23. Na4 Ba7 24. b4 h5 25. c4 h4 26. c5 hxg3 27. hxg3 g6 28. Qe3 Rh5
29. Nb6 Bxb6 30. axb6 Qe5 31. c6 bxc6 32. Rxa6 Bd5 33. b7 Kxb7 34. Qa7+ Kc8 35.
Raxc6+ 1-0

[Event "Women's Speed Chess Q1"]
[Site "chess.com INT"]
[Date "2021.05.28"]
[Round "3"]
[White "Vo, Thi Kim Phung"]
[Black "Mrudul, Dehankar"]
[Result "1-0"]
[WhiteTitle "WGM"]
[BlackTitle "WIM"]
[WhiteElo "2335"]
[BlackElo "2256"]
[WhiteFideId "12401838"]
[BlackFideId "25096990"]
[EventDate "2021.05.28"]

1. d4 Nf6 2. c4 e6 3. Nc3 Bb4 4. Qc2 O-O 5. Nf3 b6 6. e4 d5 7. e5 Ne4 8. Bd3 Bb7
9. O-O Bxc3 10. bxc3 Nd7 11. Nd2 f5 12. cxd5 Nxd2 13. Bxd2 Bxd5 14. f4 Qe8 15.
Be3 Qg6 16. Rad1 Rac8 17. c4 Ba8 18. d5 Kh8 19. Be2 Rfd8 20. Bf3 Nf8 21. Rd2
exd5 22. cxd5 c5 23. Qa4 Qf7 24. Rfd1 Qe7 25. Qc2 1-0

[Event "Women's Speed Chess Q1"]
[Site "chess.com INT"]
[Date "2021.05.28"]
[Round "3"]
[White "Kiran, Manisha Mohanty"]
[Black "Shuvalova, Polina"]
[Result "0-1"]
[WhiteTitle "WGM"]
[BlackTitle "IM"]
[WhiteElo "2168"]
[BlackElo "2484"]
[WhiteFideId "5019575"]
[BlackFideId "24171760"]
[EventDate "2021.05.28"]

1. e4 c5 2. Nf3 d6 3. d4 cxd4 4. Nxd4 Nf6 5. Nc3 a6 6. Bg5 Nbd7 7. Qe2 Qc7 8.
O-O-O e6 9. h4 b5 10. a3 Rb8 11. Rh3 h6 12. Bd2 Be7 13. g4 Ne5 14. g5 Nfd7 15.
f4 Nc4 16. Be1 g6 17. h5 Nf8 18. gxh6 e5 19. Nd5 Qb7 20. hxg6 Nxg6 21. Nf5 Bxf5
22. exf5 Nxf4 23. Nxf4 Bg5 24. Kb1 Bxf4 25. h7 Qe7 26. Bg2 Qf6 27. Bc6+ Ke7 28.
Bb4 a5 29. Be1 Qxf5 30. Rh5 Qg6 31. Rh4 Ne3 32. Rd3 Rbc8 33. Rxf4 exf4 34. Bh4+
Kf8 35. Rc3 Rxh7 36. Bf2 d5 37. Bxe3 fxe3 38. Qxe3 Rxc6 39. Rxc6 Qxc6 40. Qa7
Rh1+ 41. Ka2 Qc4+ 0-1

[Event "Women's Speed Chess Q1"]
[Site "chess.com INT"]
[Date "2021.05.28"]
[Round "3"]
[White "Berend, Elvira"]
[Black "Linares Napoles, Oleiny"]
[Result "1-0"]
[WhiteTitle "WGM"]
[BlackTitle "WGM"]
[WhiteElo "2326"]
[BlackElo "2255"]
[WhiteFideId "4000510"]
[BlackFideId "3504794"]
[EventDate "2021.05.28"]

1. e4 d6 2. d4 Nf6 3. Nc3 g6 4. h3 Bg7 5. Be3 O-O 6. Qd2 Nbd7 7. Nf3 c6 8. e5
Nd5 9. Nxd5 cxd5 10. Bh6 Qc7 11. Bxg7 Kxg7 12. e6 fxe6 13. h4 Nf6 14. h5 Ne4 15.
Qc1 Rf6 16. hxg6 Rxg6 17. Nh4 Rf6 18. Bd3 h6 19. Qe3 Bd7 20. Bxe4 dxe4 21. Qxe4
Qa5+ 22. c3 Bc6 23. Qe3 Raf8 24. Rh3 1-0

[Event "Women's Speed Chess Q1"]
[Site "chess.com INT"]
[Date "2021.05.28"]
[Round "3"]
[White "Mamedjarova, Turkan"]
[Black "Varney, Zoe"]
[Result "1-0"]
[WhiteTitle "WGM"]
[BlackTitle "WCM"]
[WhiteElo "2309"]
[BlackElo "1917"]
[WhiteFideId "13402005"]
[BlackFideId "436135"]
[EventDate "2021.05.28"]

1. d4 d5 2. Nf3 Nf6 3. c4 c6 4. Nc3 e6 5. Bf4 Nbd7 6. e3 Be7 7. Qc2 O-O 8. Rd1
b6 9. Ne5 Bb7 10. Bd3 h6 11. O-O dxc4 12. Bxc4 Nh5 13. Bg3 Nxg3 14. hxg3 Nxe5
15. dxe5 Qc7 16. f4 Bc5 17. Rde1 b5 18. Bd3 Bb6 19. Ne4 Rad8 20. Nd6 Ba8 21. f5
exf5 22. Bxf5 g6 23. Be4 Rxd6 24. exd6 Qxd6 25. Rf4 f5 26. Bd3 a6 27. Kh1 c5 28.
b3 Re8 29. g4 Qxf4 30. exf4 Rxe1+ 31. Kh2 c4 32. Bxc4+ bxc4 33. Qxc4+ Kh7 34.
Qf7+ Kh8 35. Qf6+ Kh7 36. Qxb6 Re8 37. gxf5 gxf5 38. Qf6 Rg8 39. Qxf5+ Kh8 40.
g3 1-0

[Event "Women's Speed Chess Q1"]
[Site "chess.com INT"]
[Date "2021.05.28"]
[Round "3"]
[White "Assaubayeva, Bibisara"]
[Black "Belenkaya, Dina"]
[Result "1-0"]
[WhiteTitle "IM"]
[BlackTitle "WGM"]
[WhiteElo "2381"]
[BlackElo "2304"]
[WhiteFideId "13708694"]
[BlackFideId "24142654"]
[EventDate "2021.05.28"]

1. d4 d5 2. c4 dxc4 3. Nf3 Nf6 4. e3 e6 5. Bxc4 a6 6. O-O c5 7. b3 b6 8. Bb2 Bb7
9. Nbd2 Nbd7 10. Rc1 Be7 11. Be2 O-O 12. Nc4 Rc8 13. dxc5 Bxc5 14. Nd6 Bxd6 15.
Qxd6 Nc5 16. Rfd1 Nce4 17. Qxd8 Rfxd8 18. Rxd8+ Rxd8 19. Rc7 Rd7 20. Rxd7 Nxd7
21. Ne5 Nxe5 22. Bxe5 f6 23. Bd4 b5 24. f3 Nd6 25. e4 Kf7 26. Kf2 e5 27. Bc5 Ke6
28. a4 Bc6 29. Bd1 g6 30. Ke3 f5 31. exf5+ gxf5 32. Bc2 f4+ 33. Ke2 Nf5 34. axb5
Bxb5+ 35. Kf2 h5 36. b4 h4 37. Bb3+ Kf6 38. Bd5 Nd4 39. Ke1 Ne6 40. Bb6 Nd4 41.
Bd8+ Kf5 42. Be4+ Ke6 43. Bxh4 Bc6 44. Kd2 Bxe4 45. fxe4 Nc6 46. Kc3 Nd4 47. Bf2
Ne2+ 48. Kd2 Nd4 49. Bxd4 exd4 50. Kd3 Ke5 51. h4 1-0

[Event "Women's Speed Chess Q1"]
[Site "chess.com INT"]
[Date "2021.05.28"]
[Round "3"]
[White "Tarasova, Viktoriya"]
[Black "Mendoza, Beverly"]
[Result "1-0"]
[WhiteTitle "WIM"]
[BlackTitle "WIM"]
[WhiteElo "2226"]
[BlackElo "1945"]
[WhiteFideId "4175840"]
[BlackFideId "5201250"]
[EventDate "2021.05.28"]

1. d4 Nf6 2. c4 g6 3. Nc3 Bg7 4. e4 d6 5. h3 c6 6. Be3 O-O 7. g4 Nfd7 8. Be2 a6
9. Qd2 Re8 10. h4 c5 11. d5 b5 12. cxb5 axb5 13. Bxb5 Ba6 14. Bxa6 Rxa6 15. f4
Nb6 16. b3 e6 17. dxe6 Rxe6 18. Nge2 d5 19. Bxc5 N8d7 20. Bd4 dxe4 21. Bxg7 Kxg7
22. f5 Re5 23. O-O-O Qc7 24. Kb1 Nc5 25. h5 e3 26. Qd4 Qe7 27. Rdf1 f6 28. hxg6
hxg6 29. fxg6 1-0

[Event "Women's Speed Chess Q1"]
[Site "chess.com INT"]
[Date "2021.05.28"]
[Round "3"]
[White "Girya, Olga"]
[Black "Rakshitta, Ravi"]
[Result "0-1"]
[WhiteTitle "WGM"]
[BlackTitle "WIM"]
[WhiteElo "2451"]
[BlackElo "2190"]
[WhiteFideId "4195752"]
[BlackFideId "25073230"]
[EventDate "2021.05.28"]

1. d4 Nf6 2. Nf3 e6 3. c4 Nc6 4. Nc3 Bb4 5. Qc2 Bxc3+ 6. Qxc3 Ne4 7. Qc2 f5 8.
g3 O-O 9. Bg2 d6 10. O-O e5 11. dxe5 dxe5 12. b3 Qe7 13. Bb2 Bd7 14. Rad1 Rad8
15. a3 Nf6 16. b4 e4 17. Nd4 Ne5 18. c5 Ng6 19. Bh3 f4 20. Nf5 Qf7 21. Bxf6 Qxf6
22. Rxd7 Rxd7 23. Nh6+ gxh6 24. Bxd7 Ne5 25. Bh3 Qg6 26. Qc3 Qf6 27. Qd4 Nf3+
28. exf3 Qxd4 29. fxe4 Qxe4 30. Bg2 f3 31. Bh3 Re8 32. Bd7 Re7 33. Bh3 Qd3 34.
Bf5 Qxf5 0-1

[Event "Women's Speed Chess Q1"]
[Site "chess.com INT"]
[Date "2021.05.28"]
[Round "3"]
[White "Ramirez, Maria Eugenia"]
[Black "Sviridova, Vlada"]
[Result "0-1"]
[WhiteTitle "WFM"]
[BlackTitle "WFM"]
[WhiteElo "2057"]
[BlackElo "2144"]
[WhiteFideId "3301680"]
[BlackFideId "24109606"]
[EventDate "2021.05.28"]

1. e4 e6 2. d4 d5 3. exd5 exd5 4. c4 Nf6 5. Nf3 Bd6 6. Nc3 dxc4 7. Bxc4 O-O 8.
O-O Nc6 9. h3 h6 10. Re1 Bf5 11. Ne5 Bxe5 12. dxe5 Qxd1 13. Nxd1 Nd7 14. f4 Nb6
15. Ne3 Be6 16. Bxe6 fxe6 17. g3 Rad8 18. b3 Rd3 19. Ba3 Rfd8 20. Rad1 Rd2 21.
Ra1 Nd4 22. Rf1 Ne2+ 23. Kf2 Nxf4+ 24. Kf3 Nxh3 25. Kg4 Nf2+ 26. Kf3 Nh3 27. Kg4
Ng5 28. Be7 R8d4+ 29. Kh5 Kh7 30. Rf4 Rxf4 31. gxf4 Ne4 32. Rg1 Re2 33. Ng4 Nd5
34. f5 Nxe7 35. f6 Nf5 36. f7 g6# 0-1

[Event "Women's Speed Chess Q1"]
[Site "chess.com INT"]
[Date "2021.05.28"]
[Round "3"]
[White "Pham, Le Thao Nguyen"]
[Black "Nikolova, Adriana"]
[Result "1-0"]
[WhiteTitle "IM"]
[BlackTitle "WGM"]
[WhiteElo "2369"]
[BlackElo "2243"]
[WhiteFideId "12401226"]
[BlackFideId "2908689"]
[EventDate "2021.05.28"]

1. d4 d5 2. Nf3 Nf6 3. c4 c6 4. cxd5 cxd5 5. Nc3 a6 6. Bf4 Nc6 7. e3 Bg4 8. Be2
e6 9. h3 Bxf3 10. Bxf3 Bd6 11. Bxd6 Qxd6 12. O-O O-O 13. Rc1 b5 14. a4 b4 15.
Nb1 Na5 16. Nd2 Rac8 17. Be2 Rc6 18. Bd3 Rfc8 19. Rxc6 Qxc6 20. Nf3 b3 21. Ne5
Qxa4 22. Bxa6 Rc2 23. Bd3 Rc7 24. Qa1 Qb4 25. Rc1 Qb6 26. Rxc7 Qxc7 27. Qa3 g6
28. Qb4 Ne4 29. Bxe4 dxe4 30. Qc5 Qd8 31. Qa7 f6 32. Qf7+ Kh8 33. Ng4 Qg8 34.
Qxf6+ Qg7 35. Qd8+ Qg8 36. Qxa5 Qc8 37. Qe5+ Kg8 38. Nh6+ Kf8 39. Qh8+ Ke7 40.
Qxc8 1-0

[Event "Women's Speed Chess Q1"]
[Site "chess.com INT"]
[Date "2021.05.28"]
[Round "3"]
[White "Balabayeva, Xeniya"]
[Black "Vine, Elzbieta"]
[Result "1-0"]
[WhiteTitle "WFM"]
[BlackTitle "WFM"]
[WhiteElo "2178"]
[BlackElo "2138"]
[WhiteFideId "13719688"]
[BlackFideId "1119320"]
[EventDate "2021.05.28"]

1. e4 c5 2. Nf3 Nc6 3. Bb5 Nd4 4. Nxd4 cxd4 5. O-O e6 6. c3 Bc5 7. b4 Bb6 8. Bb2
Qf6 9. Qe2 Ne7 10. cxd4 Bxd4 11. e5 Qh4 12. g3 Qh3 13. Bxd4 b6 14. Bd3 Nf5 15.
Bc3 d5 16. exd6 Nxd6 17. Be5 Bb7 18. f3 Nf5 19. Be4 Bxe4 20. Qxe4 f6 21. Qxa8+
Kf7 22. Qb7+ Kg6 23. Bf4 e5 24. Qe4 exf4 25. g4 h5 26. gxf5+ Kf7 27. Qe6+ Kf8
28. Re1 g5 29. Qxf6+ 1-0

[Event "Women's Speed Chess Q1"]
[Site "chess.com INT"]
[Date "2021.05.28"]
[Round "3"]
[White "Mahalakshmi, M"]
[Black "Morris-Suzuki, Sophie"]
[Result "1-0"]
[WhiteTitle "WIM"]
[BlackTitle "WFM"]
[WhiteElo "2253"]
[BlackElo "2043"]
[WhiteFideId "5001080"]
[BlackFideId "30922615"]
[EventDate "2021.05.28"]

1. d4 d5 2. c4 dxc4 3. e3 e5 4. Bxc4 exd4 5. exd4 Bd6 6. h3 Nf6 7. Nf3 h6 8. O-O
O-O 9. Nc3 Nc6 10. Be3 Bf5 11. Rc1 Qd7 12. Nb5 Nb4 13. Ne5 Qe7 14. Qb3 a5 15. a4
Rad8 16. Rfe1 Bxe5 17. dxe5 Nfd5 18. Bxd5 Rxd5 19. Rxc7 Qxe5 20. Rxb7 Nc2 21.
Rc1 Nxe3 22. Qxe3 Qxb2 23. Rcc7 Re5 24. Qf4 Bg6 25. Nd6 Qa1+ 26. Kh2 Re1 27.
Nxf7 Rh1+ 28. Kg3 Qa3+ 29. f3 Bxf7 30. Rxf7 1-0

[Event "Women's Speed Chess Q1"]
[Site "chess.com INT"]
[Date "2021.05.28"]
[Round "3"]
[White "Harika, Dronavalli"]
[Black "Kiolbasa, Oliwia"]
[Result "1-0"]
[WhiteTitle "GM"]
[BlackTitle "WIM"]
[WhiteElo "2515"]
[BlackElo "2255"]
[WhiteFideId "5015197"]
[BlackFideId "1154613"]
[EventDate "2021.05.28"]

1. Nf3 d5 2. c4 dxc4 3. e3 Nf6 4. Bxc4 e6 5. O-O a6 6. b3 b5 7. Be2 Bb7 8. Bb2
c5 9. d4 Nbd7 10. Nbd2 Be7 11. Rc1 Rc8 12. Ne5 Nxe5 13. dxe5 Ne4 14. Nxe4 Bxe4
15. a4 Qb6 16. axb5 axb5 17. f3 Bd5 18. Kh1 O-O 19. e4 Bb7 20. Qc2 c4 21. bxc4
bxc4 22. Bc3 Rfd8 23. Rb1 Qc6 24. Ba5 Rd7 25. Rfc1 Bg5 26. Rd1 Rxd1+ 27. Bxd1
Ra8 28. Bc3 h6 29. Be2 Bc8 30. g3 Be3 31. Kg2 Bd7 32. Rb4 1-0

[Event "Women's Speed Chess Q1"]
[Site "chess.com INT"]
[Date "2021.05.28"]
[Round "3"]
[White "Zhou, Qiyu"]
[Black "Tanishka, Kotia"]
[Result "1-0"]
[WhiteTitle "FM"]
[BlackTitle "WFM"]
[WhiteElo "2229"]
[BlackElo "1849"]
[WhiteFideId "505161"]
[BlackFideId "25005600"]
[EventDate "2021.05.28"]

1. e4 c5 2. Nf3 Nc6 3. d4 cxd4 4. Nxd4 g6 5. Nc3 Bg7 6. Be3 Nf6 7. Bc4 O-O 8.
Bb3 a5 9. O-O a4 10. Nxa4 Nxe4 11. Nb5 Ra6 12. f3 Nf6 13. Nc5 Ra5 14. c4 d5 15.
Qe2 d4 16. Rfd1 e5 17. Bg5 Qb6 18. Nd3 Re8 19. Qf1 Bf5 20. Rac1 Nd7 21. Nd6 Bxd3
22. Rxd3 Re6 23. c5 Nxc5 24. Bxe6 fxe6 25. Nc4 Qa7 26. Nxa5 Nxa5 27. Ra3 Qb6 28.
Qf2 Bf8 29. Kh1 Na6 30. Rc8 Kg7 31. Qh4 Bxa3 32. Qh6+ Kf7 33. Qxh7# 1-0

[Event "Women's Speed Chess Q1"]
[Site "chess.com INT"]
[Date "2021.05.28"]
[Round "3"]
[White "Arpita, Mukherjee"]
[Black "Bodnaruk, Anastasia"]
[Result "0-1"]
[WhiteTitle "WIM"]
[BlackTitle "IM"]
[WhiteElo "2206"]
[BlackElo "2457"]
[WhiteFideId "5056403"]
[BlackFideId "4181751"]
[EventDate "2021.05.28"]

1. e4 c5 2. Nf3 d6 3. Bb5+ Bd7 4. Bxd7+ Qxd7 5. c4 Nf6 6. Nc3 g6 7. d4 cxd4 8.
Nxd4 Bg7 9. O-O O-O 10. Be3 Nc6 11. f3 Rac8 12. Qe2 Nxe4 13. Nxc6 Nxc3 14. Nxe7+
Qxe7 15. bxc3 Rfe8 16. Kf2 Bxc3 17. Rad1 Qh4+ 18. Kg1 Bd4 19. g3 Bxe3+ 20. Qxe3
Qxh2+ 21. Kxh2 Rxe3 22. Rxd6 Rxc4 23. Rf2 Re7 24. f4 f5 25. Rb2 Rce4 26. Kh3 Kg7
27. Rbd2 b6 28. Rd7 Kf6 29. Rd8 Re2 30. R2d6+ Kf7 31. a4 Rb2 32. Rh8 Kg7 33.
Rhd8 Rb4 34. R8d7 Kf7 35. Rxe7+ Kxe7 36. Rc6 Rxa4 37. Rc7+ Kf6 38. Rxh7 a5 39.
Rb7 Rb4 40. Ra7 a4 41. Ra6 Kg7 42. Kh4 Kh6 43. Ra8 b5 44. Rh8+ Kg7 45. Ra8 Rb3
46. g4 fxg4 47. Kg5 g3 48. Ra7+ Kf8 49. Kxg6 g2 50. Kf6 Ke8 51. Rg7 Rb2 52. f5
a3 53. Ke6 Re2+ 54. Kd6 a2 55. f6 a1=Q 0-1